00962nac a22002171u 4500010001500000020001500015082001500030090001500045100003400060245008700094250002700181260004400208300004200252504005100294650003400345942001700379999001500396952010200411952011700513952011400630 a2003110151 a061842524100a320bL4252 c1519d1519 aLawson, Kay. 14aThe human polity :ba comparative introduction to political science /cKay Lawson. aBrief version, 2nd ed. aBoston :bHoughton Mifflin Co.,cc2006. axviii, 388 p. :bill., maps ;c24 cm. aIncludes bibliographical references and index. 0aPolitical sciencevTextbooks. cNBk320L4252 c1519d1519 00104070aMAINbMAINc1STd2006-11-02ePurchasel0o320 LAWp000002841r2025-07-15 00:00:00yNB 00104070aMAINbMAINc1STd2006-11-02ePurchasel1m1o320 LAWp000002840r2025-07-15 00:00:00s2014-09-14yBB 00104070aMAINbMAINc1STd2006-11-02ePurchasel2o320 LAWp000002839r2025-07-15 00:00:00s2011-09-26yBB